000 00723nam a2200265Ia 4500
003 OSt
005 20221005065524.0
006 a|||||r|||| 00| 0
007 ta
008 221004b |||||||| |||| 00| 0 eng d
024 _a37651
037 _cTextual
040 _aCRL
_cCRL
_beng
041 _2eng
_aeng
082 _aY:45111, L5
100 _aAlvarez A.
110 _aGift from Prof Amitava Banerjee, London
245 0 _aSavage God
_b A study of suicide
260 _aMiddlesex
_bpenguin Books UK
_c1924
300 _a320p.
_ccm.
650 _aSOCIOLOGY
700 _aGift from Prof Amitava Banerjee, London
942 _hY:45111, L5
_cTEXL
_2cc
999 _c974684
_d974684